000 00452nam a22001817a 4500
003 MPLRDC
005 20220104142751.0
008 210129b ||||| |||| 00| 0 eng d
082 _a307.9 ZGJD v.2
100 _aANTHOY ADDISON编著
245 _a甚么原因
_c
250 _a初版
260 _a
_b麒麟书业有限公司
_c1980
300 _b
490 _a追根究底丛书
650 _a通俗科学知识
942 _cBK
_o307.9 ZGJD v.2
999 _c33549
_d33539